Guidance for industry : community-acquired bacterial pneumonia : developing drugs for treatment.

Bibliographic Details
Corporate Author: Center for Drug Evaluation and Research (U.S.)
Format: Government Document eBook
Language:English
Published: Silver Spring, MD : U.S. Dept. of Health and Human Services, Food and Drug Administration, Center for Drug Evaluation and Research, [2009]
Edition:Revision 1.
Subjects:
Online Access:https://purl.fdlp.gov/GPO/LPS112221

MARC

Tag First Indicator Second Indicator Subfields
LEADER 00000cam a2200000 a 4500
001 in00002492489
005 20211202191533.0
006 m d f
007 cr bn|||||||||
008 090505s2009 mdu sb f000 0 eng c
035 |a (OCoLC)ocn320241356 
040 |a GPO  |c GPO  |d GPO  |d MvI  |d UtOrBLW 
042 |a pcc 
043 |a n-us--- 
049 |a WWW 
074 |a 0499-T (online) 
086 0 |a HE 20.4702:P 74/DRAFT/REV.1 
245 0 0 |a Guidance for industry :  |b community-acquired bacterial pneumonia : developing drugs for treatment. 
246 3 0 |a Community-acquired bacterial pneumonia 
250 |a Revision 1. 
264 1 |a Silver Spring, MD :  |b U.S. Dept. of Health and Human Services, Food and Drug Administration, Center for Drug Evaluation and Research,  |c [2009] 
300 |a 29 pages :  |b digital, PDF file. 
336 |a text  |b txt  |2 rdacontent 
337 |a computer  |b c  |2 rdamedia 
338 |a online resource  |b cr  |2 rdacarrier 
538 |a Mode of access: Internet from the CDER web site. Address as of 5/5/09: http://www.fda.gov/cder/guidance/8610dft.pdf ; current access available via PURL. 
500 |a Title from title screen (viewed on May 5, 2009). 
500 |a "Draft guidance." 
500 |a "March 2009." 
504 |a Includes bibliographical references. 
500 |a Electronic resource. 
650 0 |a Community-acquired pneumonia  |x Chemotherapy. 
650 0 |a Antibacterial agents  |x Development  |z United States. 
650 0 |a Drug development  |z United States. 
710 2 |a Center for Drug Evaluation and Research (U.S.) 
856 4 0 |u https://purl.fdlp.gov/GPO/LPS112221  |t 0 
999 |a MARS 
999 f f |s d52622aa-361b-3686-bd56-589d22baf1a9  |i 9aa4e001-5e58-3a00-aa8d-479c108ca507  |t 0 
952 f f |a Texas A&M University  |b College Station  |c Electronic Resources  |d Available Online  |t 0  |e HE 20.4702:P 74/DRAFT/REV.1  |h Superintendent of Documents classification 
998 f f |a HE 20.4702:P 74/DRAFT/REV.1  |t 0  |l Available Online